| 000 | 00752nam a2200253 a 4500 | ||
|---|---|---|---|
| 005 | 20231021063627.0 | ||
| 008 | 050920s2002 es r 000 0 spa d | ||
| 020 | _a9701508106(sic) | ||
| 020 | _a842412586X | ||
| 035 | _aUPN01000140161 | ||
| 040 |
_aUPN _bspa _cUPN |
||
| 049 | _aCG | ||
| 050 | 4 |
_aLB1049 _bF7.6 |
|
| 100 | 1 |
_aFry, Ronald W., _d1949- _931847 |
|
| 245 | 1 | 0 |
_aCómo organizar mejor tu tiempo / _cRon Fry ; tr. Antonio Maxwell-Hudson. |
| 260 |
_aLeón, Esp. : _bAlfaomega : _bEverest, _c2002. |
||
| 300 | _a143 p. | ||
| 440 | 0 |
_aEducación y sociedad ; _v810 |
|
| 650 | 4 |
_aMétodos de estudio _94280 |
|
| 650 | 2 |
_aHábitos de estudio _97045 |
|
| 650 | 2 |
_aAdministración del tiempo _9363 |
|
| 905 | _aLibro | ||
| 942 |
_2lcc _cLIBRO |
||
| 999 |
_c112309 _d112309 |
||